=LDR 00000nam 2200000 4500 =001 INLIS000000000037402 =005 20130612143132 =008 ***********************************nd** =035 ##$$0010-061300000037402 =041 ##$$a nd =082 ##$$a 615.9 =090 ##$$a 615.9, Dan d =100 ##$$a Demaria, Robert =245 ##$$a Detosifikasi tanpa obat, Robert Demaria; Editor, B. Wahyunarso, Budyarsa, Kritihandari P.K; Penerjemah, sih Gagas =260 ##$$a 2010 $b Jakarta =300 ##$$a 130 hlm, 21 cm =650 ##$$a Toksikologi =700 ##$$a B. Wahyunarso =850 ##$$a NBPNMAT =990 ##$$a 21195051/BPAP-NTB/2014 =990 ##$$a 2090101464/BPAP-NTB/2015